| 000 | 01588nam a2200433Ii 4500 | ||
|---|---|---|---|
| 001 | DIGBIN02346 | ||
| 003 | NyNyDIG | ||
| 006 | m o d | ||
| 007 | cr ||||||||||| | ||
| 008 | 100625s2002 sp a ob 100 0 spa d | ||
| 020 | _z8497420292 | ||
| 020 | _z9788497420297 | ||
| 035 | _a(OCoLC)655165729 | ||
| 040 |
_aDGITA _beng _epn _cDGITA |
||
| 043 |
_ae------ _ae-sp--- |
||
| 050 | 1 | 4 | _aHV6433.E85 eBook |
| 245 | 0 | 0 |
_aPolíticas del miedo : _bun balance del terrorismo en Europa / _cEduardo González Calleja, ed. |
| 264 | 1 |
_aMadrid : _bBiblioteca Nueva, _c2002. |
|
| 300 |
_a1 online resource (446 pages) : _bill. |
||
| 336 |
_atext _btxt _2rdacontent |
||
| 337 |
_acomputer _bc _2rdamedia |
||
| 338 |
_aonline resource _bcr _2rdacarrier |
||
| 490 | 1 | _aEnsayos | |
| 500 | _aPapers from a meeting held by the Universidad de Alicante in Benissa Mar. 30-Apr. 1, 2001. | ||
| 504 | _aIncludes bibliographical references (p. [415]-446). | ||
| 650 | 0 |
_aTerrorism _zEurope _vCongresses. |
|
| 650 | 0 |
_aTerrorism _xGovernment policy _zEurope _vCongresses. |
|
| 650 | 0 |
_aTerrorism _vCongresses. |
|
| 650 | 0 |
_aTerrorism _xGovernment policy _zSpain _vCongresses. |
|
| 655 | 0 | _aElectronic books. | |
| 700 | 1 | _aGonzález Calleja, Eduardo. | |
| 710 | 2 | _aUniversidad de Alicante. | |
| 791 | 2 |
_aDigitalia (Firm), _edistributor. |
|
| 830 | 0 | _aEnsayos (Biblioteca Nueva (Firm)) | |
| 793 | 0 |
_gDigitalia eBook Collection: _aBiblioteca Nueva |
|
| 856 | 4 | 0 |
_3Digitalia Hispánica _uhttps://www.digitaliapublishing.com/a/4878/ |
| 910 | _aPremium Collection: 2007-2012 | ||
| 942 | _cRAA | ||
| 999 |
_c230973 _d230973 |
||